000 00638nam a2200241Ia 4500
003 OSt
005 20220918204043.0
006 a|||||r|||| 00| 0
007 ta
008 220917b |||||||| |||| 00| 0 eng d
024 _a110,836
037 _cTextual
040 _aARTS
_cARTS
_beng
041 _2eng
_aeng
082 _aV53.L99<--L87, L5
100 _aHampson N
_9110566
245 0 _aFrench Revolution
_b concise history
260 _aLondon
_bThames and Hudson
_c1975
300 _a192p.
_ccm.
650 _aHISTORY
942 _hV53.L99<--L87, L5
_cTEXL
_2CC
999 _c234186
_d234186